000 00243nam a2200097Ia 4500
001 1051402
005 20250827001226.0
008 250824s9999 xx 000 0 und d
245 0 _aBABAMIN ŞARKISI
_cİSMAİL ÖZEN
260 _bKETEBE YAYINLARI
999 _c1051402
_d1051402